1629 1455 1509 1266 1147 1180 1301 1101 1876 1903 1059 1323 1618 1796 1892 1254 1778 1833 1176 1757 1807 1479 1896 1516 1873 1989 1960 1444 1553 1487 1812 1965 1450 1876 1896 1950 1569 1809 1008 1235 1743 1813 1536 1280 1497 1533 1507 1898 1293 1583 1405 1891 1961 1438 1024 1850 1897 1469 1920 1521 1516 1724 1551 1981 1394 1032 1095 1774 1622 1024 1886 1413 1536 1214 1632 1871 1789 1171 1216 1183 1716 1410 1138 1866 1397 1407 1764 1064 1703 1755 1013 1483 1220 1141 1807 1046 1541 1332 1642 BCNSPRNW ULIB Ver.6.0+V

เปลี่ยนเป็นภาษาไทย

Change to English
 แสดงรายละเอียดบรรณานุกรม
  กลับหน้าหลัก

Brief Record : Get Marc (ISO 2709) : E-mail record : QR code < ปิดหน้าต่าง
LEADER : 00000nam 2200000uu 4500
001    13399113533
003     ULIB
008    111124s2552||||th 000 0 tha d
020    ^a9786167205120
090    ^aนว.^bณ260ป 2552
100 0  ^aณศิกมล
245 00 ^aบ้านไร่นี้มีรัก/^cณศิกมล
250    ^aพิมพ์ครั้งที่ 1
260    ^aกรุงเทพฯ :^bInk,^c2552
300    ^a304 หน้า
710 1  ^aInk
945    ^p228^l0^i16314
995    ^aกัณชพร
999    ^aใช้งานได้ทุกระบบ
รายการนี้ยังไม่มีแท็ก
คุณยังไม่ได้ล็อกอิน คุณสามารถมีกิจกรรมร่วมกับเว็บไซต์ได้ แต่ต้องล็อกอินก่อน ::
  ล็อกอิน

รายการสื่อสารสนเทศ

ลำดับที่ ประเภท เลขเรียก/บาร์โค้ด สถานที่ สถานะ
1. นวนิยาย
นวนิยาย
นว. ณ260ป 2552  
  Barcode: 16314
ห้องสมุดวิทยาเขตสวรรค์ประชารักษ์
►นวนิยาย
บนชั้น
  ขอยืม

BibComment


ยังไม่เคยถูกคอมเมนท์

คอมเมนท์ทรัพยากรรายการนี้
  คอมเมนท์: บ้านไร่นี้มีรัก ..


 Copyright 2026. Bcnsprnw @Library